Wszystkie Piosenki Gimpsona - Statystyki

Ogólne statystyki
  • Ten quiz został rozwiązany 450 razy
  • Średni wynik to 7 z 26
Statystyki odpowiedzi
Autor Tytuł % Poprawnych
Gimpson ft. Mamiko Bombsite A
90%
Gimpson ft. Kolega Ignacy Mój Przyjaciel, Grubas
82%
GIMPSON Niepowstrzymany
79%
Gimpson ft. MC Sobieski Liryczna Chłosta
76%
GIMPSON X KOLEGA IGNACY Mój Przyjaciel, Grubas 2
67%
Gimpson T-55
44%
Gimpson ft. SkyeN, DL Wkurwia mnie
30%
Gimpson ft. Krycha KRYCHA TECHNO
25%
Gimpson ft. DL, Cookie M T-55 Remix
21%
Gimpson Pasja 3
20%
Gimpson S.T.R.A.C.H
20%
Gimpson ft. Sylwia Przybysz Dar
19%
Gimpson ft. Sylwia Przybysz Oddech
18%
Gimpson Inna Droga
17%
Gimpson Pasja 2
17%
Gimpson Mój Doom, Moją Twierdzą
14%
Gimpson 940417
11%
Gimpson Jeden
10%
Gimpson ft. Bonus BGC, MatiaX Bonus Track
8%
Gimpson Zamknij Ryj
7%
Gimpson ft. MatiaX Preludium do Zagłady
6%
Gimpson #Nawalkonie
4%
Gimpson Nieodwracalnie
4%
Gimpsonft ft. MatiaX #PiotrBlandford
3%
Gimpson Postludium
3%
Gimpson Punchak84
3%
Nie znaleziono quizów pasujących do podanych kryteriów
Rozkład punktacji
Procent ludzi z każdym wynikiem
Percentyl według liczby udzielonych odpowiedzi
Twoja historia wyników
Nie rozwiązałeś tego quizu